| 000 | 00338 a2200121 4500 | ||
|---|---|---|---|
| 020 | _a0632041269 | ||
| 082 | _a624.15136 SMI | ||
| 100 | _aSmith, G. N. | ||
| 245 |
_aElements of Soil Mechanics/ _cG. N. Smith, Ian G. N. Smith |
||
| 250 | _a7th ed | ||
| 260 |
_aLondon : _bBlackwell Publishing, _c1988 |
||
| 300 |
_axiv, 494p. : _bill. ; _c29 cm |
||
| 650 | _aSoil Mecahnics | ||
| 999 |
_c1125 _d1125 |
||